[Event "Austin Spring IM"]
[Site "Austin"]
[Date "2025.06.15"]
[Round "8"]
[White "Petenyi, Tamas"]
[Black "Trey, Justin"]
[Result "1-0"]
[WhiteElo "2252"]
[BlackElo "1906"]
[PlyCount "95"]
[EventDate "2025.06.11"]
[EventType "tourn"]
[EventRounds "9"]
[EventCountry "USA"]
[SourceTitle "CB25_2025"]
[SourceDate "2025.06.18"]
[SourceVersion "1"]
[SourceVersionDate "2025.06.18"]
[SourceQuality "1"]

1. e4 c5 2. Nf3 Nc6 3. Bb5 g6 4. Bxc6 dxc6 5. h3 Bg7 6. d3 Nh6 7. Nc3 f6 8. Be3 b6 9. d4 cxd4 10. Nxd4 Qc7 11. f4 e5 12. fxe5 fxe5 13. Nf3 Nf7 14. Qe2 Be6 15. 0-0-0 Rd8 16. Rxd8+ Qxd8 17. h4 h5 18. Ng5 Nxg5 19. Bxg5 Bf6 20. Bxf6 Qxf6 21. b3 0-0 22. Kb2 Qf2 23. Qd1 Qd4 24. Qc1 Bg4 25. Qg5 Kg7 26. a3 a5 27. Re1 b5 28. Qe3 Rf2 29. Kc1 Rf1 30. Qg3 Rf2 31. Kb1 Kf7 32. Rc1 Ke6 33. Na2 Kd7 34. Nc3 Kc7 35. Na2 Kb6 36. Nc3 Kc7 37. Na2 Kb7 38. Nc3 Kb6 39. Na2 Bd1 40. Nc3 Bg4 41. Na2 b4 42. axb4 axb4 43. Nxb4 Qd2 44. Nd3 Rxg2 45. Qxe5 Bd1 46. Qb8+ Ka5 47. Qa7+ Kb5 48. c4# 1-0

[Event "Austin Spring IM"]
[Site "Austin"]
[Date "2025.06.13"]
[Round "5"]
[White "Trey, Justin"]
[Black "Lee, Megan Shuen Hui"]
[Result "1-0"]
[WhiteElo "1906"]
[BlackElo "2215"]
[PlyCount "59"]
[EventDate "2025.06.11"]
[EventType "tourn"]
[EventRounds "9"]
[EventCountry "USA"]
[SourceTitle "CB25_2025"]
[SourceDate "2025.06.18"]
[SourceVersion "1"]
[SourceVersionDate "2025.06.18"]
[SourceQuality "1"]

1. d4 d5 2. c4 e6 3. Bf4 Nf6 4. cxd5 exd5 5. e3 c6 6. Bd3 Bg4 7. f3 Bh5 8. Ne2 Bg6 9. Nbc3 Nh5 10. 0-0 Nd7 11. e4 Nxf4 12. Nxf4 Qb6 13. Nfe2 dxe4 14. fxe4 Be7 15. Kh1 Rd8 16. Qc2 Nf6 17. Rae1 Ng4 18. Rf4 h5 19. Rf3 Qa5 20. e5 Bxd3 21. Qxd3 Qxe5 22. g3 Qe6 23. Qd1 Qd7 24. Nf4 h4 25. Qd3 Qxd4 26. Ng6 Qb4 27. Qc4 Rd4 28. Qxf7+ Kd8 29. Rxe7 Qxb2 30. Qf8+ 1-0

[Event "Austin Spring IM"]
[Site "Austin"]
[Date "2025.06.11"]
[Round "1"]
[White "Melillo, Lucius"]
[Black "Trey, Justin"]
[Result "1-0"]
[WhiteElo "2170"]
[BlackElo "1906"]
[PlyCount "73"]
[EventDate "2025.06.11"]
[EventType "tourn"]
[EventRounds "9"]
[EventCountry "USA"]
[SourceTitle "CB25_2025"]
[SourceDate "2025.06.18"]
[SourceVersion "1"]
[SourceVersionDate "2025.06.18"]
[SourceQuality "1"]

1. e4 c5 2. Nf3 Nc6 3. Bb5 g6 4. Bxc6 dxc6 5. d3 Bg7 6. h3 Nh6 7. a4 f6 8. a5 e5 9. Be3 Bf8 10. Qd2 Nf7 11. Qc3 Qe7 12. Nfd2 Be6 13. f4 exf4 14. Bxf4 Bh6 15. Bxh6 Nxh6 16. Nb3 Bxb3 17. Qxb3 Nf5 18. 0-0 Nd4 19. Qc4 0-0-0 20. Rf2 Rhf8 21. Nd2 f5 22. Raf1 fxe4 23. Nxe4 Rxf2 24. Rxf2 Rf8 25. b4 Rxf2 26. Kxf2 Qf8+ 27. Ke1 Qf4 28. Qxc5 Qc1+ 29. Kf2 Qf4+ 30. Kg1 Qe3+ 31. Kh2 Qf4+ 32. Kg1 Qc1+ 33. Kh2 Qf4+ 34. g3 Nf3+ 35. Kh1 Qc1+ 36. Kg2 Ne1+ 37. Kf2 1-0